Normal view MARC view
  • Talha Bin Farooq (00000274724)

Entry Personal Name

Number of records used in: 1

001 - CONTROL NUMBER

  • control field: 116661

003 - CONTROL NUMBER IDENTIFIER

  • control field: NUST

005 - DATE AND TIME OF LATEST TRANSACTION

  • control field: 20230912170020.0

008 - FIXED-LENGTH DATA ELEMENTS

  • fixed length control field: 230912|| aca||aabn | a|a d

040 ## - CATALOGING SOURCE

  • Original cataloging agency: NUST
  • Transcribing agency: NUST

100 ## - HEADING--PERSONAL NAME

  • Personal name: Talha Bin Farooq (00000274724)

670 ## - SOURCE DATA FOUND

  • Source citation: Work cat.: (NUST): Talha Bin Farooq (00000274724), Environmental Performance of a Green Educational Building : Case Study of U.S. Pakistan Center for Advanced Studies in Energy /, 2021
© 2023 Central Library, National University of Sciences and Technology. All Rights Reserved.